00451nam a22001692 4500001001100000005001700011008004100028020001700069040001500086100003000101245004600131250001300177260003400190300001700224650003700241852000300278000002513220151217152308.0141205s xx 000 0 eng d a8120348639 : aKABUcKABU1 aPaul, Justin.@000018554710aInternational business /cby Justin Paul. a6th ed. aDelhi :bPHI Learning,c2014. axxi, 770 p. 0aInternational trade.@00001499761